Pokémon cinquième génération - Les deux premières lettres ! - Statistiques

Statistiques générales
  • Ce quiz a été pris 178 fois
  • Le résultat moyen est 127 sur 156
Statistiques - réponses
N° Pokédex Pokémon % Correct
497 Majaspic
95%
594 Mamanbo
95%
542 Manternel
95%
556 Maracachi
95%
551 Mascaïman
95%
508 Mastouffe
95%
502 Mateloutre
95%
639 Terrakium
95%
638 Cobaltium
94%
520 Colombeau
94%
580 Couaneton
94%
610 Coupenotte
94%
541 Couverdure
94%
603 Lampéroie
94%
540 Larveyette
94%
648 Meloetta
94%
575 Mesmérella
94%
519 Poichigeon
94%
614 Polagriffe
94%
613 Polarhume
94%
507 Ponchien
94%
506 Ponchiot
94%
643 Reshiram
94%
494 Victini
94%
495 Vipélierre
94%
640 Viridium
94%
592 Viskuse
94%
585 Vivaldaim
94%
521 Déflaisan
93%
645 Démétéros
93%
597 Grindur
93%
622 Gringolem
93%
499 Grotichon
93%
498 Gruikui
93%
581 Lakmécygne
93%
589 Lançargot
93%
565 Mégapagos
93%
578 Méios
93%
608 Mélancolux
93%
501 Moustillon
93%
593 Moyade
93%
568 Miamiasme
92%
569 Miasmax
92%
530 Minotaupe
92%
505 Miradar
92%
529 Rototaupe
92%
504 Ratentif
90%
500 Roitiflam
90%
522 Zébibron
90%
523 Zéblitz
90%
644 Zekrom
90%
503 Clamiral
89%
600 Clic
89%
601 Cliticlic
89%
496 Lianaja
89%
617 Limaspeed
89%
649 Genesect
88%
525 Géolithe
88%
618 Limonde
88%
598 Noacier
88%
524 Nodulithe
88%
599 Tic
88%
560 Baggaïd
87%
559 Baggiguane
87%
550 Bargantua
87%
536 Batracné
87%
641 Boréas
87%
588 Carabing
87%
564 Carapagos
87%
558 Crabaraque
86%
557 Crabicoque
86%
537 Crapustule
86%
553 Crocorible
86%
561 Cryptéro
86%
612 Tranchodon
86%
635 Trioxhydre
86%
535 Tritonde
86%
590 Trompignon
86%
616 Escargaume
84%
552 Escroco
84%
642 Fulguris
84%
607 Funécire
84%
627 Furaiglon
84%
634 Diamat
83%
623 Golemastoc
83%
543 Venipatte
83%
534 Bétochef
82%
633 Solochi
82%
582 Sorbébé
82%
584 Sorbouboul
82%
583 Sorboul
82%
647 Keldeo
81%
509 Chacripan
80%
532 Charpenti
80%
572 Chinchidou
80%
548 Chlorobule
80%
527 Chovsourir
80%
628 Gueriaigle
80%
576 Sidérella
80%
586 Haydaim
78%
624 Scalpion
78%
625 Scalproie
78%
544 Scobolide
78%
574 Scrutella
78%
629 Vostourno
78%
609 Lugulabre
77%
573 Pashmilla
77%
545 Brutapode
76%
591 Gaulet
76%
526 Gigalithe
76%
510 Léopardus
76%
577 Nucléos
76%
630 Vaututrice
76%
602 Anchwatt
75%
646 Kyurem
75%
605 Lewsor
75%
511 Feuillajou
73%
512 Feuiloutan
73%
606 Neitram
73%
566 Arkéapti
72%
632 Fermite
72%
579 Symbios
72%
513 Flamajou
71%
514 Flamoutan
71%
515 Flotajou
71%
516 Flotoutan
71%
611 Incisache
71%
528 Rhinolove
71%
546 Doudouvet
70%
604 Ohmassacre
70%
533 Ouvrifier
70%
567 Aéroptéryx
67%
555 Darumacho
67%
554 Darumarond
67%
631 Aflamanoir
66%
517 Munna
66%
518 Mushana
66%
547 Farfaduvet
65%
549 Fragilady
65%
626 Frison
65%
615 Hexagel
65%
539 Karaclée
65%
562 Tutafeh
65%
563 Tutankafer
65%
531 Nanméouïe
64%
621 Drakkarmin
61%
538 Judokrak
60%
637 Pyrax
59%
636 Pyronille
59%
571 Zoroark
57%
570 Zorua
57%
619 Kungfouine
45%
587 Emolga
43%
596 Mygavolt
43%
620 Shaofouine
42%
595 Statitik
42%
Aucun quiz correspondant
Distribution des résultats
% des personnes avec chaque résultat
Percentile par nombre de réponses
Votre historique - résultats
Vous n’avez pas pris ce quiz